000 00499nam a22001457a 4500
008 181101b xxu||||| |||| 00| 0 eng d
020 _a9780738019895
050 _a PE1404
_b.W69 2007
245 _aWriting as citizens of a diverse world /
_c|ccompiled by the Department of English, Miami University, Oxford, Ohio
250 _a3rd ed.
260 _aPlymouth:
_bHyden McNeil;
_c2007
300 _ax, 272 p. ;
_c26 cm
650 _a English language
_xRhetoric,Study and teaching
942 _2lcc
_cBK
999 _c53757
_d53757